000
00292nam a22001337a 4500
008
180104b xxu||||| |||| 00| 0 eng d
020
_a
014005639004
041
_a
eng
080
_a
574
100
_a
9
101
_a
MJE
245
_a
STEP SUCCESSFUL GARDENING
_c
BEETE.H
942
_2
udc
_c
BK
999
_c
39782
_d
39782